Wykluczanie według kategorii - państwa #4 - Statystyki

Ogólne statystyki
  • Ten quiz został rozwiązany 5 956 razy
  • Średni wynik to 15 z 20
Statystyki odpowiedzi
Grupa # Kategoria % Poprawnych
Zielona 73 Państwa z mniejszą liczbą ludności niż Irlandia
99%
Zielona 60 ... który ma mniejszą powierzchnię lądową, niż Irlandia
99%
Pomarańczowa 145 Państwa z białym na fladze państwowej
91%
Pomarańczowa 52 ... ma mniej, niż 5 milionów ludzi
89%
Zielona 11 ... w Ameryce
87%
Pomarańczowa 13 ... które leżą w Europie
87%
Niebieska 157 Państwa, których stolica znajduje się na północ od równika
87%
Niebieska 35 ... które są śródlądowe
83%
Fioletowa 93 Państwa w Azji lub Europie
83%
Zielona 5 ... kończy się na A
82%
Fioletowa 43 ... posiada niebieski na fladze państwowej
82%
Fioletowa 22 ... posiada powierzchnię lądową co najmniej 100 000 km²
80%
Fioletowa 6 ... ma ponad 50 milionów ludzi
77%
Niebieska 17 ... posiada minimum 100 m wysokości
71%
Pomarańczowa 5 ... z czarnym na fladze państwowej
70%
Niebieska 6 ... posiada powierzchnię lądową mniej niż 50 000 km²
59%
Pomarańczowa 1 ... i zaczyna się samogłoską Estonia
48%
Fioletowa 1 ... i nie posiada granic lądowych Filipiny
40%
Zielona 1 ... ma maksymalną wysokość co najmniej 2 000 m Jamajka
40%
Niebieska 1 ... i jest spoza Europy Bhutan
27%
Nie znaleziono quizów pasujących do podanych kryteriów
Rozkład punktacji
Procent ludzi z każdym wynikiem
Percentyl według liczby udzielonych odpowiedzi
Twoja historia wyników
Nie rozwiązałeś tego quizu